| 000 | 00468 a2200145 4500 | ||
|---|---|---|---|
| 005 | 20250611111553.0 | ||
| 020 | _a978-3-030-66118-2 | ||
| 082 | _a688.827 MOG | ||
| 100 | _aMOGAJI, E. | ||
| 245 | _aBrand Management: An Introduction Through Storytelling | ||
| 260 |
_aCham, _bSpringer Nature, _c2021. |
||
| 300 |
_axv, 266p.: ill.: figure,picture, table. _bIndex, references. _c26cm. |
||
| 856 |
_yAccess online book _fBrand Management _dwww.palgrave.com |
||
| 942 |
_2ddc _cBKS |
||
| 999 |
_c3729 _d3729 |
||